Science et Pouvoir. L'utopie et son échec (Record no. 552188)
[ view plain ]
| 000 -CABECERA | |
|---|---|
| Campo de control de longitud fija | 00430nab a2200145Ia 4500 |
| 003 - IDENTIFICADOR DEL NÚMERO DE CONTROL | |
| Campo de control | ES-SlBCS |
| 005 - FECHA Y HORA DE LA ÚLTIMA TRANSACCIÓN | |
| Campo de control | 20210601130756.0 |
| 008 - CÓDIGOS DE INFORMACIÓN DE LONGITUD FIJA | |
| Campo de control de longitud fija | 140529s1983 xxu||||| |||| 00| 0 fre d |
| 041 ## - CÓDIGO DE LENGUA | |
| Código de lengua del texto/banda sonora o título independiente | fre |
| 100 1# - PUNTO DE ACCESO PRINCIPAL-NOMBRE DE PERSONA | |
| Nombre de persona | Gusdorf, Georges |
| 9 (RLIN) | 18882 |
| 245 00 - MENCIÓN DE TÍTULO | |
| Título | Science et Pouvoir. L'utopie et son échec |
| Mención de responsabilidad, etc. | Georges Gusdorf |
| 650 04 - PUNTO DE ACCESO ADICIONAL DE MATERIA-TÉRMINO DE MATERIA | |
| Término de materia o nombre geográfico como elemento inicial | Utopía |
| 9 (RLIN) | 127419 |
| 773 0# - ENLACE AL DOCUMENTO FUENTE | |
| Título | Presença Filosofica |
| Parte(s) relacionada(s) | vol. 9, nº. 3-4, 1983, págs. 5-17 |
| Número de control del registro relacionado | Rev966 |
| 942 ## - ENTRADA DE ELEMENTOS AGREGADOS (KOHA) | |
| Koha [por defecto] tipo de item | Artículos de revista |
| Suprimido | Perdido | Estropeado | No para préstamo | Localización permanente | Localización actual | Localización en estantería | Fecha adquisición | Préstamos totales | Fecha última consulta | Fecha del precio de reemplazo | Tipo de item de Koha |
|---|---|---|---|---|---|---|---|---|---|---|---|
| San Esteban | San Esteban | Depósito de revistas | 11/07/2014 | 11/07/2014 | 11/07/2014 | Artículos de revista |
